Responses for Show #2399 - Thursday, January 26, 1995

Contestants

[<< previous game]

Sheri Davis, an actress from Naperville, Illinois

Paul Bousquet, an attorney from Alexandria, Virginia

Claud Argall, a financial services manager from Sparks, Nevada (whose 1-day cash winnings total $10,799)

[next game >>]

Jeopardy! Round responses

HISTORY
MONOPOLY
(Alex: The game.)
WORLD BUSINESS
HORSES
ON THE ROAD
ABBREVIATIONS
    $100 1
China

Claud
    $100 3
GO

Sheri
    $100 10
Japan

Paul
    $100 17
Appaloosa

Claud
    $100 26
the line in the middle of the road (traffic lanes)

Paul
    $100 12
also known as

Paul
    $200 2
The PLO

Claud
    $200 4
4

Claud
    $200 19
Anheuser-Busch

Paul
    $200 18
a Clydesdale

Sheri
    $200 27
rush hour

Sheri
    $200 13
the Royal Canadian Mounted Police

Claud
    $300 5
Elba

Claud
    $300 7
yellow

Claud
    $300 20
Nike

Paul
    $300 23
a star

Paul
    $300 28
an avenue

Sheri
    $300 14
uncirculated

Paul
    $400 6
(Paul: What is Nicholas?)
(Alex: Be more specific.)
(Paul: Who is Czar Nicholas?)
(Alex: No, need you to be more specific. I need a number.)
(Claud: Who is Czar Nicholas I?)

Nicholas II

ClaudPaulSheri
    $400 8
$50

Claud
    $400 21
(Claud: What is valium?)

Prozac

ClaudSheri
    $400 24
a dam

Claud
    $400 29
a detour

Claud
    $400 15
kids

Sheri
    $500 11
(Alex: Former president of Vietnam.)

Ho Chi Minh

Paul
    $500 9
a diamond ring

Claud
    $500 22
Citicorp

Paul
    $500 25
(Paul: What are Lipanzzers?)

Lipizzaners

PaulSheri
    $500 30
triangular

Paul
    $500 16
American Samoa

Paul

Scores at the first commercial break (after clue 15):

Claud Paul Sheri
$1,800 $600 $900

Scores at the end of the Jeopardy! Round:

Claud Paul Sheri
$2,300 $2,500 $2,500

Double Jeopardy! Round responses

NEBRASKA
SUPREME COURT JUSTICES
CLASSICAL MUSIC
LITERATURE
COOKING TERMS
ALBERT EINSTEIN
    $200 13
Lewis & Clark

Claud
    $200 5
(Andrew) Johnson

Paul
    $200 7
Handel

Claud
    $200 1
Lord of the Flies

Claud
    $200 18
the boiling point

Claud
    $200 26
the Nobel Prize

Claud
    $400 14
the Pony Express

Claud
    $400 6
John Jay

Sheri
    $400 8
Mendelssohn

Paul
    $400 2
The Picture of Dorian Gray

Claud
    $400 19
grate

Paul
    $400 27
Switzerland

Paul
    $600 20
the Missouri

Triple Stumper
    $600 9
New Jersey

Claud
    $600 15
Schubert

Sheri
    $600 3
Slaughterhouse-Five

Claud
    $600 23
candied

Claud
    $600 28
Manhattan Project

Paul
    $800 21
Mutual of Omaha

Paul
    $1,200 10
(John) Marshall

Claud
    $1,500 16
(Sheri: Who is Verdi?)

Hector Berlioz

Sheri
    $800 4
(Sheri: What is Main Street?)
(Claud: What is Wineburg?)

Winesburg

ClaudPaulSheri
    $800 24
(Alex: We have less than a minute to go.)

kippering

Triple Stumper
    $800 29
(Sheri: What is the United Nations?)

the League of Nations

Sheri
Triple Stumper
    $1000 22
unicameral (one house)

Paul
    $1000 12
William and Mary

Paul
    $1000 17
(Sheri: Who is Johann Christian Bach?)
(Claud: Who is Johann Augustus Bach?)

Carl Philipp Emanuel Bach

ClaudSheri
Triple Stumper
    $1000 11
(Paul) Gauguin

Claud
    $1000 25
rendering

Paul
    $1000 30
the violin

Claud

Scores at the end of the Double Jeopardy! Round:

Claud Paul Sheri
$7,300 $9,100 -$600

[wagering suggestions for these scores]

Final Jeopardy! Round responses

CLASSIC TV
ClaudWhat was I Dream Dream of Jeannie
$7,299
PaulWhat is Ceasar?
$5,600
I Dream of Jeannie

Final scores:

Claud Paul Sheri
$14,599 $3,500 -$600
2-day champion: $25,398 2nd place: tip to Honolulu, Hawaii 3rd place: ProForm step machine

Game dynamics:

Coryat scores:

Claud Paul Sheri
$6,900 $9,100 $900
24 R
(including 1 DD),
4 W
21 R
(including 1 DD),
2 W
10 R,
4 W
(including 1 DD)

Combined Coryat: $16,900

[game clues] [game scores] [suggest correction]

Game tape date: 1994-11-08
The J! Archive is created by fans, for fans. Scraping, republication, monetization, and malicious use prohibited; this site may use cookies and collect identifying information. See terms. The Jeopardy! game show and all elements thereof, including but not limited to copyright and trademark thereto, are the property of Jeopardy Productions, Inc. and are protected under law. This website is not affiliated with, sponsored by, or operated by Jeopardy Productions, Inc. Join the discussion at JBoard.tv.